The Encyclopedia of chemical process equipment.

Bibliographic Details
Other Authors: Mead, William J.
Format: Book
Language:English
Published: New York : Reinhold Pub. Corp., [1964]
Subjects:

MARC

Tag First Indicator Second Indicator Subfields
LEADER 00000cam a2200000 4500
001 in00000078304
005 20151008060721.0
008 730305s1964 eng u
010 |a  64025735  
035 |a (OCoLC)00568827 
035 |9 AAJ6414AM 
040 |c WSU  |d TXA  |d UtOrBLW 
049 |a TXAM  |c 1 [906492]  |c 2 [463436] 
090 |a TP9  |b .E65 
245 0 4 |a The Encyclopedia of chemical process equipment. 
264 1 |a New York :  |b Reinhold Pub. Corp.,  |c [1964] 
300 |a 1065 pages 
336 |a text  |b txt  |2 rdacontent 
337 |a unmediated  |b n  |2 rdamedia 
338 |a volume  |b nc  |2 rdacarrier 
504 |a Includes bibliographies. 
650 0 |a Chemical engineering  |x Equipment and supplies  |x Dictionaries. 
700 1 |a Mead, William J. 
999 |a MARS 
999 f f |s 05874a3b-3dfc-3ba8-b817-5928776b72cd  |i 734287d6-0b5f-3fe1-b3a9-8e2cd4c0c85d  |t 0 
952 f f |p ric  |a Texas A&M University  |b Rellis Campus  |c Joint Library Facility  |d Remote Storage  |t 0  |e TP9 .E65  |h Library of Congress classification  |i unmediated -- volume  |m A14806255919 
998 f f |a TP9 .E65  |t 0  |l Remote Storage